[Event "XIX Festival A"]
[Site "Arco ITA"]
[Date "2007.10.22"]
[Round "3"]
[White "Acunzo, Domenico"]
[Black "Linz, Stefan"]
[Result "1-0"]
[WhiteElo "1775"]
[BlackElo "1584"]
[PlyCount "59"]
[EventDate "2007.10.20"]

1. e4 g6 2. d4 Bg7 3. Nc3 d6 4. f4 e6 5. Nf3 Nc6 6. Be3 Nf6 7. h3 O-O 8. Qd2
Nh5 9. g4 Ng3 10. Rg1 Nxf1 11. Rxf1 Re8 12. O-O-O a5 13. f5 exf5 14. gxf5 f6
15. fxg6 hxg6 16. Rg1 Kf7 17. Qg2 Ne7 18. h4 Rh8 19. Nd5 Bh6 20. Bxh6 Rxh6 21.
Rdf1 Nxd5 22. exd5 Bf5 23. Qg3 Qg8 24. Qf4 Qh7 25. Re1 Re8 26. Rxe8 Kxe8 27.
Re1+ Kf7 28. Qe3 Bd7 29. Qe7+ Kg8 30. Qd8+ 1-0

[Event "XIX Festival A"]
[Site "Arco ITA"]
[Date "2007.10.22"]
[Round "3"]
[White "Ben Houidi, Lassaad"]
[Black "Zenatto, Giuliano"]
[Result "1-0"]
[WhiteElo "1599"]
[BlackElo "1853"]
[PlyCount "100"]
[EventDate "2007.10.20"]

1. e4 c5 2. d4 cxd4 3. c3 dxc3 4. Nxc3 d6 5. Bc4 Nf6 6. e5 dxe5 7. Qxd8+ Kxd8
8. Bg5 Be6 9. Bxe6 fxe6 10. Nf3 h6 11. Nxe5 Ke8 12. Nb5 Na6 13. Bxf6 gxf6 14.
Ng6 Rg8 15. Nxf8 Kxf8 16. O-O Kf7 17. Rac1 Nb4 18. a3 Nd3 19. Rc2 a6 20. Nc3
Rgd8 21. Rd2 Rd7 22. Rfd1 Rad8 23. Ne2 Nc5 24. Rxd7 Rxd7 25. Rxd7 Nxd7 26. Nc1
b5 27. Nb3 e5 28. f3 f5 29. Kf2 Ke6 30. g4 f4 31. h4 Kf6 32. Ke2 Ke6 33. Nd2
Kd5 34. b4 Nf6 35. Kd3 Nd7 36. Ne4 Nf6 37. Nc5 e6 38. g5 hxg5 39. hxg5 Nh5 40.
Nxa6 Ng3 41. Nc7+ Kc6 42. Nxe6 Kd5 43. Nc5 Nf5 44. Ne4 Nh4 45. Nc3+ Ke6 46. Ke4
Ng2 47. Nxb5 Ne3 48. Nc7+ Kd6 49. g6 Ke7 50. Nd5+ Ke6 1-0

[Event "XIX Festival A"]
[Site "Arco ITA"]
[Date "2007.10.22"]
[Round "3"]
[White "Bernardi, Ruben"]
[Black "Del Nevo, Claudio"]
[Result "1-0"]
[WhiteElo "2107"]
[BlackElo "1889"]
[PlyCount "60"]
[EventDate "2007.10.20"]

1. e4 d6 2. d4 Nf6 3. Nc3 g6 4. f3 Bg7 5. Be3 O-O 6. Qd2 c6 7. Bh6 b5 8. h4 e5
9. Nce2 a5 10. O-O-O Qe7 11. h5 d5 12. dxe5 Qxe5 13. Bxg7 Kxg7 14. hxg6 fxg6
15. Qh6+ Kg8 16. exd5 cxd5 17. Nc3 d4 18. Nxb5 Qe3+ 19. Qxe3 dxe3 20. Bc4+ Kg7
21. Re1 Nc6 22. Rxe3 Ba6 23. Nh3 Rac8 24. Ng5 Rfe8 25. Rhe1 Rxe3 26. Rxe3 Nb4
27. Re7+ Kh6 28. Nf7+ Kh5 29. g3 g5 30. Re5 Kg6 1-0

[Event "XIX Festival A"]
[Site "Arco ITA"]
[Date "2007.10.22"]
[Round "3"]
[White "Bossoni, Mario"]
[Black "Ferrari, Michele"]
[Result "1/2-1/2"]
[WhiteElo "1993"]
[BlackElo "1819"]
[PlyCount "62"]
[EventDate "2007.10.20"]

1. e4 c6 2. f4 d5 3. exd5 cxd5 4. Nf3 Nf6 5. Bb5+ Bd7 6. Bxd7+ Nbxd7 7. Qe2 Rc8
8. d4 Qc7 9. c3 e6 10. f5 Qd6 11. Ne5 Be7 12. Bf4 Qb6 13. Nxd7 Nxd7 14. fxe6
Qxe6 15. Qxe6 fxe6 16. O-O O-O 17. Nd2 g5 18. Bg3 Rxf1+ 19. Rxf1 Rf8 20. Re1
Rf6 21. Nf3 Rg6 22. Ne5 Nxe5 23. Bxe5 Kf7 24. g3 Bf6 25. Bb8 a6 26. Kg2 Rg8 27.
Bd6 Rd8 28. Be5 Bxe5 29. Rxe5 h6 30. Kf3 Rg8 31. h3 Rg6 1/2-1/2

[Event "XIX Festival A"]
[Site "Arco ITA"]
[Date "2007.10.22"]
[Round "3"]
[White "Brunner, Stefan"]
[Black "Tomassoni, Leonardo"]
[Result "1/2-1/2"]
[WhiteElo "1800"]
[BlackElo "1975"]
[PlyCount "59"]
[EventDate "2007.10.20"]

1. e4 c5 2. Nf3 d6 3. d4 cxd4 4. Nxd4 Nf6 5. Nc3 a6 6. Bg5 e6 7. Bd3 Be7 8. f3
O-O 9. Qd2 b5 10. a3 Qc7 11. Nb3 Nbd7 12. O-O-O Bb7 13. Kb1 Rac8 14. Bf4 Rfd8
15. g4 Ne5 16. Qe2 Nc4 17. Bxc4 bxc4 18. Nd2 Nd7 19. Nf1 Qb6 20. Be3 Qa5 21.
Bd2 Qc7 22. Ng3 Nb6 23. Bf4 Qc6 24. h4 Na4 25. Qd2 Rb8 26. g5 Ba8 27. Nxa4 Qxa4
28. Qc3 Rb5 29. Nh5 e5 30. Bc1 1/2-1/2

[Event "XIX Festival A"]
[Site "Arco ITA"]
[Date "2007.10.22"]
[Round "3"]
[White "Buck, Klaus-Michael"]
[Black "Blasco, Domenico"]
[Result "0-1"]
[WhiteElo "1784"]
[BlackElo "1969"]
[PlyCount "68"]
[EventDate "2007.10.20"]

1. b4 e5 2. Bb2 Bxb4 3. Bxe5 Nf6 4. e3 Nc6 5. Bb2 d5 6. c3 Bd6 7. Nf3 O-O 8.
Be2 Qe7 9. O-O Bg4 10. d4 Rfe8 11. a4 Na5 12. Nbd2 Rad8 13. Ne1 Bxe2 14. Qxe2
Ne4 15. Nef3 Nxd2 16. Nxd2 Qh4 17. g3 Qh3 18. Qf3 Qe6 19. Ba3 Bxa3 20. Rxa3 b6
21. Rb1 Re7 22. Kg2 Rde8 23. Rb5 c6 24. Rb1 Qg6 25. Qe2 Nc4 26. Raa1 Nxe3+ 27.
fxe3 Rxe3 28. Qd1 Re2+ 29. Kg1 Qh5 30. h4 Qg4 31. Qe1 Rxe1+ 32. Rxe1 Qxg3+ 33.
Kf1 Re6 34. Rxe6 fxe6 0-1

[Event "XIX Festival A"]
[Site "Arco ITA"]
[Date "2007.10.22"]
[Round "3"]
[White "Caldara, Sisto"]
[Black "Pipitone, Antonio"]
[Result "0-1"]
[WhiteElo "1760"]
[BlackElo "2028"]
[PlyCount "85"]
[EventDate "2007.10.20"]

1. d4 Nf6 2. c4 c5 3. d5 e6 4. Nc3 exd5 5. cxd5 d6 6. e4 g6 7. f4 Bg7 8. Nf3
O-O 9. Be2 Re8 10. e5 dxe5 11. fxe5 Ng4 12. e6 fxe6 13. d6 Bf8 14. Ng5 Nf6 15.
O-O a6 16. a4 Nbd7 17. a5 b5 18. axb6 Nxb6 19. Be3 Nbd5 20. Bxc5 Nxc3 21. bxc3
Nd5 22. Nf7 Nxc3 23. Qe1 Nxe2+ 24. Qxe2 Qh4 25. Ra3 Bb7 26. Rh3 Qe4 27. Qf2 Qd5
28. Ng5 e5 29. Nxh7 Bg7 30. Ng5 Rf8 31. Rf3 Rxf3 32. Nxf3 e4 33. Nh4 Rf8 34.
Qe3 Rxf1+ 35. Kxf1 Qd1+ 36. Qe1 Qd3+ 37. Qe2 Qd5 38. Qe3 Kh7 39. g3 Bc6 40. Ng2
Bb5+ 41. Kf2 Qa2+ 42. Kg1 Qb1+ 43. Kf2 0-1

[Event "XIX Festival A"]
[Site "Arco ITA"]
[Date "2007.10.22"]
[Round "3"]
[White "Coqueraut, Jean Dominique"]
[Black "Collato, Luca"]
[Result "0-1"]
[WhiteElo "2061"]
[BlackElo "1512"]
[PlyCount "70"]
[EventDate "2007.10.20"]

1. d4 f5 2. c4 Nf6 3. Nc3 g6 4. g3 Bg7 5. Bg2 O-O 6. e3 d6 7. Nge2 e5 8. dxe5
dxe5 9. Qb3 c6 10. O-O Na6 11. a3 Nc5 12. Qc2 Be6 13. Rd1 Qc7 14. b4 Ncd7 15.
c5 e4 16. Bb2 Ne5 17. Nf4 Qf7 18. Nxe6 Qxe6 19. Ne2 Nd5 20. Nd4 Qe7 21. Qe2 Nd3
22. Rxd3 exd3 23. Qxd3 Rad8 24. Rd1 Rfe8 25. Re1 Nc7 26. Qc4+ Ne6 27. Bf1 Kf8
28. Nxe6+ Qxe6 29. Bxg7+ Kxg7 30. Qc3+ Qe5 31. Qc2 Re7 32. Bg2 Red7 33. f4 Qf6
34. Re2 Qa1+ 35. Kf2 Qxa3 0-1

[Event "XIX Festival A"]
[Site "Arco ITA"]
[Date "2007.10.22"]
[Round "3"]
[White "Coqueraut, Lodewyk"]
[Black "Bortolotti, Silvano"]
[Result "0-1"]
[WhiteElo "1926"]
[BlackElo "1771"]
[PlyCount "102"]
[EventDate "2007.10.20"]

1. d4 e5 2. d5 Bc5 3. c4 Nf6 4. e3 O-O 5. Nc3 a5 6. Bd3 d6 7. Ne4 Nxe4 8. Bxe4
f5 9. Bf3 Nd7 10. Be2 Nf6 11. Nf3 h6 12. h4 Qe8 13. Nh2 Qg6 14. Kf1 Bd7 15. h5
Qf7 16. Nf3 f4 17. exf4 Ng4 18. Ng5 Nxf2 19. Nxf7 Nxd1 20. Nxh6+ gxh6 21. Bxd1
exf4 22. Bf3 Bd4 23. Rh4 Be5 24. Ke2 Rae8 25. Kd2 Bf6 26. Rh1 Re7 27. a4 Rfe8
28. Ra3 Re3 29. Rxe3 fxe3+ 30. Ke2 Bxa4 31. Kd3 Bg5 32. Re1 b5 33. b3 Bxb3 34.
cxb5 Kf7 35. Kc3 Ba4 36. Kc4 Rb8 37. Bxe3 Bxb5+ 38. Kc3 Re8 39. Kd2 Bxe3+ 40.
Rxe3 Rxe3 41. Kxe3 Kf6 42. g3 Ke5 43. g4 Kf6 44. Kd4 Kg5 45. Ke3 Bd7 46. Kd4
Bxg4 47. Bxg4 Kxg4 48. Kc4 Kxh5 49. Kb5 a4 50. Kxa4 Kg5 51. Kb5 Kf5 0-1

[Event "XIX Festival A"]
[Site "Arco ITA"]
[Date "2007.10.22"]
[Round "3"]
[White "Cracco, Pietro"]
[Black "Dieli, Riccardo"]
[Result "0-1"]
[WhiteElo "2041"]
[BlackElo "1775"]
[PlyCount "120"]
[EventDate "2007.10.20"]

1. Nf3 Nf6 2. g3 g6 3. Bg2 Bg7 4. d3 O-O 5. e4 d6 6. O-O Bg4 7. h3 Bd7 8. Re1
c6 9. c3 Na6 10. Nbd2 Nh5 11. Nf1 e5 12. Ne3 b5 13. a4 Nc7 14. axb5 Nxb5 15.
Nc4 Be6 16. Be3 Qd7 17. Ng5 d5 18. Nxe6 fxe6 19. Na5 d4 20. Bd2 Rab8 21. c4 Nd6
22. b4 Nf7 23. Qa4 Rfc8 24. Reb1 Nf6 25. c5 Rb5 26. Nc4 Rc7 27. Bf3 Bf8 28. Bd1
Rcb7 29. Na5 Rb8 30. Bb3 Nd5 31. exd5 exd5 32. Kg2 Bh6 33. Bxh6 Nxh6 34. Bd1
Rf8 35. Ra2 e4 36. Qc2 e3 37. f3 Nf5 38. Kh2 Qc7 39. Qg2 Nh4 40. Qh1 Nf5 41.
Rg2 Rfb8 42. Be2 Rxb4 43. Ra1 R8b5 44. Nxc6 Qxc6 45. Rxa7 Qxc5 46. Qa1 Rb1 47.
Qa6 Rb6 48. Qa4 Rc6 49. Qa2 Rcb6 50. Qa4 R6b5 51. f4 Qb4 52. Qxb4 R5xb4 53. Bf3
R1b2 54. Bxd5+ Kh8 55. Ra8+ Kg7 56. Re8 Rxg2+ 57. Kxg2 Rb2+ 58. Kf3 Rf2+ 59.
Kg4 e2 60. h4 Ne3+ 0-1

[Event "XIX Festival A"]
[Site "Arco ITA"]
[Date "2007.10.22"]
[Round "3"]
[White "De Napoli, Giuseppe"]
[Black "Zordan, Diego"]
[Result "1-0"]
[WhiteElo "2033"]
[BlackElo "1607"]
[PlyCount "61"]
[EventDate "2007.10.20"]

1. d4 d5 2. Bf4 Nf6 3. e3 Bg4 4. Nf3 e6 5. c4 c6 6. Qb3 b6 7. Ne5 Bf5 8. Nc3
Bd6 9. cxd5 Nxd5 10. Nxd5 exd5 11. Rc1 Bxe5 12. Bxe5 O-O 13. Bxb8 Rxb8 14. Rxc6
Qd7 15. Rc3 Rbc8 16. Bb5 Rxc3 17. bxc3 Qc7 18. O-O Rc8 19. Rc1 Qd6 20. Ba6 Re8
21. c4 dxc4 22. Bxc4 Rf8 23. Bd5 h5 24. Rc6 Qe7 25. Qc4 Qg5 26. Rc7 h4 27. Rxf7
Rxf7 28. Bxf7+ Kh8 29. Qe2 Bg4 30. f3 Bd7 31. f4 1-0

[Event "XIX Festival A"]
[Site "Arco ITA"]
[Date "2007.10.22"]
[Round "3"]
[White "De Nisi, Roberta"]
[Black "Crea, Vincenzo"]
[Result "0-1"]
[WhiteElo "1845"]
[BlackElo "2042"]
[PlyCount "112"]
[EventDate "2007.10.20"]

1. d4 d5 2. c4 c6 3. Nc3 Nf6 4. cxd5 cxd5 5. f3 Nc6 6. e4 dxe4 7. d5 Ne5 8.
fxe4 a6 9. Bf4 Ng6 10. Bg3 e5 11. Qd2 Bb4 12. Bd3 O-O 13. Nf3 Qe7 14. O-O Ne8
15. a3 Bc5+ 16. Kh1 Bd7 17. b4 Bb6 18. Bc4 Nd6 19. Bb3 Rac8 20. Rfe1 Kh8 21.
Rac1 a5 22. h4 h5 23. Na4 Bxa4 24. Bxa4 Rxc1 25. Qxc1 Rc8 26. Qg5 Qxg5 27. hxg5
f6 28. gxf6 gxf6 29. Re2 axb4 30. axb4 Rc4 31. Bd7 Rxb4 32. Kh2 Kg7 33. Nh4
Nxh4 34. Bxh4 Rxe4 35. Rxe4 Nxe4 36. Bc8 Nd6 37. Bd7 Bc5 38. Be1 b5 39. Kg3 b4
40. Ba4 Nf5+ 41. Kf3 Nd4+ 42. Ke4 b3 43. Bc3 Ne2 44. Bb2 Bd4 45. Bxd4 Nxd4 46.
Kd3 b2 47. Bc2 Nxc2 48. Kxc2 Kf7 49. Kxb2 Ke7 50. Kc3 Kd6 51. Kc4 h4 52. Kd3
Kxd5 53. Ke3 f5 54. Kd3 f4 55. Ke2 Ke4 56. Kf2 Kd3 0-1

[Event "XIX Festival A"]
[Site "Arco ITA"]
[Date "2007.10.22"]
[Round "3"]
[White "De Santis, Alessio"]
[Black "Burani, Eugenio"]
[Result "1-0"]
[WhiteElo "2367"]
[BlackElo "2017"]
[PlyCount "43"]
[EventDate "2007.10.20"]

1. d4 Nf6 2. c4 c5 3. d5 e6 4. Nc3 exd5 5. cxd5 d6 6. e4 g6 7. f3 Bg7 8. Bg5
O-O 9. Qd2 Na6 10. h4 Qb6 11. O-O-O Nh5 12. Nge2 f5 13. exf5 gxf5 14. Bh6 f4
15. Bxg7 Kxg7 16. g4 Ng3 17. Nxg3 fxg3 18. Qg5+ Kh8 19. Re1 c4 20. Nb5 Bf5 21.
Re7 Bg6 22. h5 1-0

[Event "XIX Festival A"]
[Site "Arco ITA"]
[Date "2007.10.22"]
[Round "3"]
[White "Donatini, Andrea"]
[Black "Serafimov, Dimitar"]
[Result "0-1"]
[WhiteElo "2044"]
[BlackElo "2168"]
[PlyCount "44"]
[EventDate "2007.10.20"]

1. c4 e5 2. Nc3 g6 3. g3 Bg7 4. Bg2 f5 5. d3 d6 6. e4 Nf6 7. Nge2 O-O 8. O-O c6
9. b4 Be6 10. b5 Qc7 11. Qb3 Nbd7 12. Rd1 Nc5 13. Qb4 fxe4 14. dxe4 Ng4 15. Bh3
Nxf2 16. Bxe6+ Nxe6 17. Qxd6 Qf7 18. Be3 Nxd1 19. Qxd1 Rad8 20. Qf1 Qe7 21. Qc1
Nd4 22. Rb1 Qe6 0-1

[Event "XIX Festival A"]
[Site "Arco ITA"]
[Date "2007.10.22"]
[Round "3"]
[White "Grom, Waldemar"]
[Black "Prakken, Gerrit"]
[Result "0-1"]
[WhiteElo "2014"]
[BlackElo "2217"]
[PlyCount "60"]
[EventDate "2007.10.20"]

1. c4 Nf6 2. Nc3 c5 3. g3 e6 4. Bg2 d5 5. cxd5 exd5 6. d3 Nc6 7. Bg5 Be7 8. Nf3
Be6 9. O-O O-O 10. Rc1 Rc8 11. b3 d4 12. Bxf6 Bxf6 13. Ne4 b6 14. Nxf6+ Qxf6
15. Nd2 Nb4 16. Ra1 Nd5 17. Ne4 Qe7 18. Qd2 h6 19. f4 Ne3 20. Rf3 f5 21. Nf2
Nxg2 22. Kxg2 Bd5 23. Kf1 Bxf3 24. exf3 Rfe8 25. Re1 Qxe1+ 26. Qxe1 Rxe1+ 27.
Kxe1 Kf7 28. g4 Ke6 29. g5 Kd5 30. Nd1 hxg5 0-1

[Event "XIX Festival A"]
[Site "Arco ITA"]
[Date "2007.10.22"]
[Round "3"]
[White "Hackbarth, Wolfgang"]
[Black "Papa, Angelo"]
[Result "1-0"]
[WhiteElo "2119"]
[BlackElo "1903"]
[PlyCount "99"]
[EventDate "2007.10.20"]

1. c4 Nf6 2. d4 g6 3. Nc3 Bg7 4. e4 d6 5. h3 O-O 6. Be3 e5 7. d5 a5 8. g4 Nbd7
9. Nge2 Nc5 10. Ng3 Bd7 11. Qd2 Ncxe4 12. Ngxe4 Nxe4 13. Nxe4 f5 14. gxf5 gxf5
15. Bg5 Qe8 16. Nc3 Qf7 17. Bh6 Qg6 18. Bxg7 Kxg7 19. O-O-O Kf7 20. Be2 Rg8 21.
Rdg1 Qf6 22. f4 e4 23. Qe3 b6 24. Bh5+ Ke7 25. Rg5 h6 26. Rgg1 a4 27. Be2 a3
28. b3 Rab8 29. Kc2 b5 30. cxb5 Rxg1 31. Rxg1 Bxb5 32. Bxb5 Rxb5 33. Qg3 Rc5
34. Qg7+ Qxg7 35. Rxg7+ Kf6 36. Rg3 c6 37. dxc6 Rxc6 38. Kd2 Rc5 39. Nb1 d5 40.
Nxa3 d4 41. Nc4 Rc7 42. h4 Ra7 43. a4 Rb7 44. h5 Re7 45. Rg6+ Kf7 46. Ne5+ Kf8
47. Rf6+ Ke8 48. Rxh6 e3+ 49. Kd3 Rxe5 50. fxe5 1-0

[Event "XIX Festival A"]
[Site "Arco ITA"]
[Date "2007.10.22"]
[Round "3"]
[White "Idili, Leonardo"]
[Black "Moro, Roberto"]
[Result "1/2-1/2"]
[WhiteElo "1735"]
[BlackElo "1887"]
[PlyCount "43"]
[EventDate "2007.10.20"]

1. d4 Nf6 2. c4 d6 3. Nc3 g6 4. e4 Bg7 5. f3 Nc6 6. Be3 e5 7. Nge2 exd4 8. Nxd4
Nxd4 9. Bxd4 Be6 10. Be2 a6 11. O-O O-O 12. Qd2 c5 13. Be3 Qc7 14. Bh6 Rad8 15.
h4 Nh5 16. Bxg7 Kxg7 17. Nd5 Bxd5 18. cxd5 h6 19. g4 Ng3 20. Rf2 Nxe2+ 21. Rxe2
Qe7 22. Rh2 1/2-1/2

[Event "XIX Festival A"]
[Site "Arco ITA"]
[Date "2007.10.22"]
[Round "3"]
[White "Jensen, Leif"]
[Black "Ludovici, Roberto"]
[Result "1-0"]
[WhiteElo "2091"]
[BlackElo "1864"]
[PlyCount "67"]
[EventDate "2007.10.20"]

1. e4 c5 2. g3 Nc6 3. Bg2 e6 4. c3 d5 5. d3 Nf6 6. Qc2 Be7 7. f4 O-O 8. Nf3 b6
9. O-O Bb7 10. e5 Ne8 11. a3 d4 12. c4 Qd7 13. Re1 f6 14. exf6 Rxf6 15. Qe2 h6
16. Nbd2 Nd6 17. Ne5 Qc7 18. Ndf3 Na5 19. Ng4 Rf7 20. Nfe5 Rf5 21. Ng6 Re8 22.
Bxb7 Naxb7 23. Qxe6+ Rf7 24. Qd5 Kh7 25. Nxe7 Rfxe7 26. Bd2 Re2 27. Rxe2 Rxe2
28. Rd1 Qd7 29. Qf3 Re7 30. Re1 Nf5 31. Rxe7 Qxe7 32. Ne5 Nbd6 33. b4 Qd7 34.
Nxd7 1-0

[Event "XIX Festival A"]
[Site "Arco ITA"]
[Date "2007.10.22"]
[Round "3"]
[White "Lazzaroni, Fabio"]
[Black "Castellano, Alfonso"]
[Result "1-0"]
[WhiteElo "1697"]
[BlackElo "1926"]
[PlyCount "85"]
[EventDate "2007.10.20"]

1. e4 c5 2. Nf3 d6 3. d4 cxd4 4. Qxd4 Nc6 5. Bb5 Bd7 6. Bxc6 Bxc6 7. Nc3 Nf6 8.
Bg5 e5 9. Qd3 Be7 10. O-O-O Qc7 11. Bxf6 gxf6 12. Nh4 O-O-O 13. Nf5 Bf8 14. Nd5
Bxd5 15. Qxd5 Rg8 16. g3 Qd7 17. Kb1 Qe6 18. Rd3 Qxd5 19. Rxd5 Kc7 20. Rhd1 Rg6
21. R1d3 b6 22. a3 h5 23. Ka2 Rd7 24. Kb3 Kc6 25. Rc3+ Kb7 26. Kb4 Rg4 27. f3
Rg6 28. Kb3 Kb8 29. a4 a5 30. Ka2 Kb7 31. b3 Kb8 32. Rc4 Kb7 33. c3 Kb8 34. b4
axb4 35. cxb4 Rc7 36. Kb3 Kb7 37. a5 bxa5 38. Rb5+ Kc8 39. Rxc7+ Kxc7 40. bxa5
Bh6 41. a6 Bd2 42. Rb7+ Kc6 43. Ne7+ 1-0

[Event "XIX Festival A"]
[Site "Arco ITA"]
[Date "2007.10.22"]
[Round "3"]
[White "McClement, Andrew"]
[Black "Cardili, Mariano"]
[Result "1/2-1/2"]
[WhiteElo "1594"]
[BlackElo "2100"]
[PlyCount "44"]
[EventDate "2007.10.20"]

1. d4 d5 2. Bf4 Nf6 3. e3 c6 4. c4 e6 5. Nc3 Be7 6. Bd3 Nbd7 7. h3 O-O 8. Nf3
b6 9. O-O Bb7 10. Qe2 Rc8 11. Rfd1 c5 12. Nb5 a5 13. Rac1 cxd4 14. Nbxd4 Nc5
15. Bb1 Nfe4 16. cxd5 Bxd5 17. Nd2 Nxd2 18. Rxd2 Qe8 19. Nf5 exf5 20. Rxd5 Qc6
21. Rcd1 g6 22. Be5 Rfd8 1/2-1/2

[Event "XIX Festival A"]
[Site "Arco ITA"]
[Date "2007.10.22"]
[Round "3"]
[White "Minniti, Giuseppe"]
[Black "Giuriato, Sergio"]
[Result "0-1"]
[WhiteElo "1827"]
[BlackElo "1990"]
[PlyCount "136"]
[EventDate "2007.10.20"]

1. d4 Nf6 2. Nf3 e6 3. e3 c5 4. c3 b6 5. Nbd2 d5 6. Bd3 Be7 7. Qe2 Nbd7 8. O-O
O-O 9. e4 dxe4 10. Nxe4 cxd4 11. cxd4 Bb7 12. Bf4 Nxe4 13. Bxe4 Bxe4 14. Qxe4
Nf6 15. Qb7 Nd5 16. Bg3 Qc8 17. Qxc8 Raxc8 18. Rac1 f6 19. a3 Kf7 20. Nd2 Rfd8
21. Nb3 Ke8 22. Rxc8 Rxc8 23. Rc1 Rxc1+ 24. Nxc1 Kd7 25. Kf1 g5 26. Ke2 Bd6 27.
Kd3 h5 28. Ne2 h4 29. Bxd6 Kxd6 30. Kc4 a6 31. g3 h3 32. a4 f5 33. Nc3 Nf6 34.
f3 Nh5 35. Ne2 Nf6 36. Nc3 e5 37. dxe5+ Kxe5 38. b4 Nh5 39. Ne2 g4 40. f4+ Ke4
41. a5 bxa5 42. bxa5 Ke3 43. Nd4 Nxg3 44. Kd5 Nh5 45. Ke5 g3 46. Nxf5+ Kf2 47.
Nxg3 Nxg3 48. Kd4 Nh5 49. f5 Kg2 50. Ke3 Nf6 51. Ke2 Ng4 52. Ke1 Kf3 53. Kd2
Kf4 54. Ke2 Nf6 55. Kf2 Ne4+ 56. Ke2 Kxf5 57. Kf3 Ng5+ 58. Kg3 Ke4 59. Kg4 Ke3
60. Kg3 Ke2 61. Kf4 Kf2 62. Ke5 Kg2 63. Kd6 Kxh2 64. Kc6 Kg3 65. Kb6 h2 66.
Kxa6 h1=Q 67. Ka7 Ne6 68. Ka6 Nc5+ 0-1

[Event "XIX Festival A"]
[Site "Arco ITA"]
[Date "2007.10.22"]
[Round "3"]
[White "Moncelli, Giorgio"]
[Black "Stolfa, Rodolfo"]
[Result "1-0"]
[WhiteElo "2129"]
[BlackElo "1926"]
[PlyCount "105"]
[EventDate "2007.10.20"]

1. d4 e6 2. e4 d6 3. c4 Nd7 4. Nc3 Ne7 5. Nf3 h6 6. Be2 g6 7. Be3 Bg7 8. O-O
O-O 9. Qd2 Kh7 10. Rad1 a6 11. Rfe1 b6 12. Qc2 Bb7 13. d5 e5 14. Nd2 f5 15.
exf5 Nxf5 16. Bd3 Bc8 17. Nde4 Nf6 18. Nxf6+ Qxf6 19. Ne4 Qf7 20. b4 Nd4 21.
Bxd4 exd4 22. c5 Bf5 23. cxd6 Bxe4 24. Rxe4 cxd6 25. Rg4 Qxd5 26. Bxg6+ Kh8 27.
Be4 Qh5 28. h3 Rac8 29. Qd3 a5 30. bxa5 Qxa5 31. Qg3 Qe5 32. Qd3 d5 33. Bf3 Rc4
34. Qg6 d3 35. Qxd3 Rxg4 36. hxg4 d4 37. Rc1 Qf4 38. Rc6 Re8 39. g3 Qf7 40.
Rxb6 Qxa2 41. Qg6 Rf8 42. Rb7 Qg8 43. Be4 Rf6 44. Qh5 Rd6 45. g5 d3 46. gxh6
Rxh6 47. Qg5 Rd6 48. Qf4 Rf6 49. Qe3 Rd6 50. Bxd3 Re6 51. Qf3 Qc8 52. Ra7 Qc1+
53. Kg2 1-0

[Event "XIX Festival A"]
[Site "Arco ITA"]
[Date "2007.10.22"]
[Round "3"]
[White "Moratto, Davide"]
[Black "Allegranti, Luca"]
[Result "0-1"]
[WhiteElo "1855"]
[BlackElo "2040"]
[PlyCount "62"]
[EventDate "2007.10.20"]

1. e4 e6 2. d4 d5 3. Nc3 Nf6 4. Bg5 Bb4 5. e5 h6 6. Bd2 Bxc3 7. bxc3 Ne4 8. Qg4
g6 9. Bd3 Nxd2 10. Kxd2 c5 11. h4 Bd7 12. Rh3 Qe7 13. dxc5 Nc6 14. Qf4 O-O-O
15. Rb1 Qxc5 16. Ne2 f5 17. Rb5 Qa3 18. Rb3 Qxa2 19. Bb5 d4 20. Bxc6 dxc3+ 21.
Rhxc3 Bxc6+ 22. Kc1 Qa1+ 23. Rb1 Rd1+ 24. Kxd1 Qxb1+ 25. Kd2 Rd8+ 26. Nd4 Qb4
27. Kd3 Kb8 28. Rxc6 bxc6 29. c3 Qb1+ 30. Kc4 Qa2+ 31. Nb3 Qa4+ 0-1

[Event "XIX Festival A"]
[Site "Arco ITA"]
[Date "2007.10.22"]
[Round "3"]
[White "Naumkin, Igor"]
[Black "Dittmar, Peter"]
[Result "1/2-1/2"]
[WhiteElo "2486"]
[BlackElo "2318"]
[PlyCount "47"]
[EventDate "2007.10.20"]

1. d4 d5 2. c4 e6 3. Nf3 Nf6 4. Bg5 Be7 5. Nc3 O-O 6. e3 h6 7. Bh4 Ne4 8. Bxe7
Qxe7 9. Rc1 c6 10. Bd3 Nxc3 11. Rxc3 dxc4 12. Bxc4 Nd7 13. O-O e5 14. Bb3 exd4
15. exd4 Rd8 16. Re1 Qd6 17. h3 Nf8 18. Ne5 Be6 19. Bxe6 Nxe6 20. Qb3 Qd5 21.
Qxb7 Nxd4 22. Nxc6 Nxc6 23. Qxc6 Qxa2 24. b3 1/2-1/2

[Event "XIX Festival A"]
[Site "Arco ITA"]
[Date "2007.10.22"]
[Round "3"]
[White "Nicholson, John G."]
[Black "Serafimov, Tervel"]
[Result "0-1"]
[WhiteElo "2170"]
[BlackElo "2379"]
[PlyCount "58"]
[EventDate "2007.10.20"]

1. e4 c6 2. c4 g6 3. d4 Bg7 4. Nc3 d6 5. f4 Qb6 6. e5 Nh6 7. Be2 O-O 8. Nf3 Bg4
9. Na4 Qc7 10. Be3 Nf5 11. Bf2 c5 12. exd6 exd6 13. dxc5 Bxf3 14. Bxf3 Re8+ 15.
Kf1 dxc5 16. g3 Nc6 17. Nc3 Bxc3 18. bxc3 Ne3+ 19. Bxe3 Rxe3 20. Bd5 Rae8 21.
Rg1 Rxc3 22. Kg2 Nd4 23. Kh1 Qd7 24. Re1 Rce3 25. Rxe3 Rxe3 26. Qg1 Qe7 27. Rb1
b6 28. a4 Ne2 29. Qf2 Nc3 0-1

[Event "XIX Festival A"]
[Site "Arco ITA"]
[Date "2007.10.22"]
[Round "3"]
[White "Paltrinieri, Nicholas"]
[Black "Vink, Wim"]
[Result "1/2-1/2"]
[WhiteElo "1891"]
[BlackElo "2084"]
[PlyCount "38"]
[EventDate "2007.10.20"]

1. f4 d5 2. Nf3 g6 3. e3 Bg7 4. Be2 c5 5. O-O Nc6 6. d3 e6 7. Qe1 Nge7 8. e4 b6
9. c3 Bb7 10. Be3 Qc7 11. e5 Nf5 12. Bf2 h5 13. d4 c4 14. Nbd2 Bh6 15. g3 b5
16. a3 a5 17. h3 Nfe7 18. Be3 Nf5 19. Bf2 Nfe7 1/2-1/2

[Event "XIX Festival A"]
[Site "Arco ITA"]
[Date "2007.10.22"]
[Round "3"]
[White "Picone, Franco"]
[Black "Rigo, Gianfrancesco"]
[Result "0-1"]
[WhiteElo "1864"]
[BlackElo "2063"]
[PlyCount "94"]
[EventDate "2007.10.20"]

1. d4 e6 2. Bf4 Nf6 3. e3 c5 4. Nf3 b6 5. Bd3 Bb7 6. Nbd2 Be7 7. h3 d6 8. c3
O-O 9. O-O Nbd7 10. Qe2 Qc7 11. e4 e5 12. Be3 Rfe8 13. d5 a6 14. c4 Nf8 15. Nh2
Ng6 16. f4 exf4 17. Bxf4 Nxf4 18. Rxf4 Bf8 19. Raf1 Re7 20. Ng4 Nxg4 21. Qxg4
Rae8 22. Nf3 Bc8 23. Qh4 h6 24. Qf2 g6 25. e5 dxe5 26. Nxe5 Qxe5 27. Rxf7 Qd4
28. Bxg6 Qxf2+ 29. R7xf2 Rd8 30. Rf6 b5 31. b3 Bg7 32. Rb6 Be5 33. h4 Kg7 34.
h5 Bg4 35. Rxa6 bxc4 36. bxc4 Be2 37. Rc1 Bg3 38. Ra3 Bf4 39. Re1 Bd2 40. Rb1
Bxc4 41. Rd1 Rxd5 42. Rb1 Be3+ 43. Kh2 Rd2 44. Rb6 Bd5 45. Bf5 Bf4+ 46. Kh3
Rxg2 47. Ra4 Re3+ 0-1

[Event "XIX Festival A"]
[Site "Arco ITA"]
[Date "2007.10.22"]
[Round "3"]
[White "Pierangeli, Andrea"]
[Black "Sigillo, Carmelo"]
[Result "1-0"]
[WhiteElo "2020"]
[BlackElo "1595"]
[PlyCount "49"]
[EventDate "2007.10.20"]

1. e4 c5 2. Nf3 d6 3. d4 cxd4 4. Nxd4 Nf6 5. Nc3 a6 6. Bg5 e6 7. f4 Qb6 8. Nb3
Be7 9. Qf3 Nc6 10. O-O-O Qc7 11. Kb1 O-O 12. g4 b5 13. Bd3 Bb7 14. Rhe1 Rac8
15. Qh3 e5 16. Bxf6 Bxf6 17. Nd5 Qd8 18. g5 Be7 19. f5 Bxg5 20. Rg1 Bf6 21. Rg3
Nd4 22. Nxf6+ Qxf6 23. Nxd4 exd4 24. Rdg1 d5 25. e5 1-0

[Event "XIX Festival A"]
[Site "Arco ITA"]
[Date "2007.10.22"]
[Round "3"]
[White "Rigo, Marco"]
[Black "Bini, Gabriele"]
[Result "1-0"]
[WhiteElo "1882"]
[BlackElo "1736"]
[PlyCount "31"]
[EventDate "2007.10.20"]

1. e4 Nf6 2. e5 Nd5 3. c4 Nb6 4. b3 e6 5. Nf3 d6 6. Bb2 Nc6 7. g3 f6 8. exf6
gxf6 9. Ng5 Qe7 10. Qh5+ Kd7 11. Bh3 Nd8 12. O-O c5 13. Na3 a6 14. Nxe6 Nxe6
15. Rfe1 Kc6 16. Qf3+ 1-0